[Event "NCA-chT final"]
[Site "Managua"]
[Date "2021.10.31"]
[Round "9.1"]
[White "Sanchez, Gabriel Ivan"]
[Black "Espinoza, Felix"]
[Result "0-1"]
[WhiteElo "1760"]
[BlackElo "2130"]
[PlyCount "150"]
[EventDate "2021.10.16"]
[EventType "team-tourn"]
[EventRounds "11"]
[EventCountry "NCA"]
[SourceTitle "EXT 2023"]
[Source "ChessBase"]
[SourceDate "2022.10.05"]
[SourceVersion "1"]
[SourceVersionDate "2022.10.05"]
[SourceQuality "1"]
[WhiteTeam "Surnrise CC"]
[BlackTeam "Academia Ramirez de Arellano"]
[WhiteTeamCountry "NCA"]
[BlackTeamCountry "NCA"]

1. e4 c5 2. Nf3 d6 3. Bb5+ Nd7 4. d4 cxd4 5. Nxd4 Ngf6 6. 0-0 a6 7. Ba4 e6 8. c4 Nxe4 9. Re1 Nef6 10. Nc3 Be7 11. Rxe6 fxe6 12. Nxe6 Qa5 13. Bd2 Qe5 14. Nc7+ Kf7 15. Nxa8 Nc5 16. Nb6 Bg4 17. Qe1 Qxe1+ 18. Rxe1 Bd8 19. Nbd5 Nxd5 20. cxd5 Nd3 21. Rb1 b5 22. Bc2 Ne5 23. Ne4 Be7 24. Bb4 Rd8 25. f3 Bh5 26. Bb3 Bg6 27. Rd1 Rb8 28. Kf2 Bxe4 29. fxe4 Ke8 30. a4 Kd7 31. axb5 axb5 32. Ke3 Ng4+ 33. Kf4 h5 34. h3 Rf8+ 35. Kg3 Nf2 36. Ra1 Nxe4+ 37. Kh2 Rf2 38. Ra7+ Ke8 39. Bc3 Nxc3 40. bxc3 Bf6 41. Rb7 Bxc3 42. Rxb5 Be5+ 43. Kg1 Bd4 44. Kh2 h4 45. Rb4 Rd2 46. Rb7 g5 47. Ba4+ Kf8 48. Rb5 Kg7 49. Bb3 Kf6 50. Rb7 Be3 51. Rb5 Re2 52. Bc4 Rc2 53. Bb3 Rd2 54. Rb7 Ke5 55. Rb4 Bf2 56. Rb5 Bg3+ 57. Kg1 Re2 58. Bc4 Re1+ 59. Bf1 Rd1 60. Rb3 Rxd5 61. Rd3 Ra5 62. Be2 d5 63. Kf1 d4 64. Bf3 Bf4 65. Be2 Be3 66. Bd1 Kf4 67. Bf3 Kg3 68. Ke2 Ra2+ 69. Kf1 Rf2+ 70. Ke1 Rxg2 71. Bxg2 Kxg2 72. Ra3 Kxh3 73. Kf1 Kg3 74. Ra2 h3 75. Re2 h2 0-1

[Event "NCA-chT 1st Stage"]
[Site "Managua"]
[Date "2021.10.02"]
[Round "4.1"]
[White "Ordonez, Jessenia Carolina"]
[Black "Sanchez, Gabriel Ivan"]
[Result "0-1"]
[WhiteElo "1370"]
[BlackElo "1760"]
[PlyCount "74"]
[EventDate "2021.09.25"]
[EventType "team-swiss"]
[EventRounds "9"]
[EventCountry "NCA"]
[SourceTitle "EXT 2023"]
[Source "ChessBase"]
[SourceDate "2022.10.05"]
[SourceVersion "1"]
[SourceVersionDate "2022.10.05"]
[SourceQuality "1"]
[WhiteTeam "UNI Femenino (W)"]
[BlackTeam "Sunrise CC"]
[WhiteTeamCountry "NCA"]
[BlackTeamCountry "NCA"]

1. e4 e6 2. d4 d5 3. e5 c5 4. c3 Qb6 5. Nf3 Nc6 6. Be2 Nh6 7. Na3 cxd4 8. cxd4 Nf5 9. Nc2 Bd7 10. 0-0 Be7 11. b3 a5 12. Rb1 Nb4 13. Nxb4 axb4 14. Rb2 0-0 15. Bd3 Bb5 16. Re1 Bxd3 17. Qxd3 Rfc8 18. Bd2 h5 19. g3 Qa6 20. Qf1 Rc6 21. Ra1 Rac8 22. Qxa6 bxa6 23. h3 Rc2 24. Rxc2 Rxc2 25. Bf4 g6 26. h4 Kf8 27. Bc1 Ke8 28. a3 a5 29. axb4 Bxb4 30. Be3 Bc3 31. Rc1 Rxc1+ 32. Bxc1 Nxd4 33. Nxd4 Bxd4 34. Bd2 Bb6 35. Kf1 Kd7 36. Ke2 Kc6 37. Kd3 Bxf2 0-1

[Event "Managua Hurtado Memorial 18th"]
[Site "Managua"]
[Date "2018.12.29"]
[Round "6"]
[White "Gaitan Rivas, Norlan Miguel"]
[Black "Sanchez, Gabriel Ivan"]
[Result "0-1"]
[WhiteElo "1564"]
[BlackElo "1784"]
[PlyCount "54"]
[EventDate "2018.12.26"]
[EventType "swiss"]
[EventRounds "9"]
[EventCountry "NCA"]
[SourceTitle "EXT 2020"]
[Source "ChessBase"]
[SourceDate "2019.10.17"]
[SourceVersion "1"]
[SourceVersionDate "2019.10.17"]
[SourceQuality "1"]

1. e4 e5 2. Nf3 Nc6 3. Bb5 Nf6 4. d3 Bc5 5. 0-0 Nd4 6. Nxd4 Bxd4 7. c3 Bb6 8. Bg5 h6 9. Bh4 c6 10. Ba4 d6 11. h3 Be6 12. Nd2 g5 13. Bg3 Rg8 14. Nf3 Nh5 15. Bxe5 dxe5 16. Nxe5 Qd6 17. Qxh5 Qxe5 18. d4 Qg7 19. d5 Bd7 20. dxc6 bxc6 21. Qf3 0-0-0 22. g4 h5 23. Bb3 hxg4 24. hxg4 Rh8 25. Kg2 Rh4 26. Rh1 Rxg4+ 27. Kf1 Rf4 0-1

[Event "Managua Hurtado Memorial 12th"]
[Site "Managua"]
[Date "2011.12.27"]
[Round "3"]
[White "Sanchez, Gabriel Ivan"]
[Black "Rios, Edgard"]
[Result "1-0"]
[WhiteElo "1786"]
[BlackElo "1911"]
[PlyCount "110"]
[EventDate "2011.12.26"]
[EventType "swiss"]
[EventRounds "9"]
[EventCountry "NCA"]
[SourceTitle "EXT 2013"]
[Source "ChessBase"]
[SourceDate "2012.11.22"]
[SourceVersion "1"]
[SourceVersionDate "2012.11.22"]
[SourceQuality "1"]

1. e4 d6 2. d4 g6 3. Nc3 Bg7 4. Nf3 Nf6 5. Be2 0-0 6. 0-0 e5 7. dxe5 dxe5 8. Qxd8 Rxd8 9. Bg5 Re8 10. Rfd1 h6 11. Bh4 c6 12. a4 a5 13. Nd2 g5 14. Bg3 Nbd7 15. Nc4 Bf8 16. Nd6 Re6 17. Nf5 Nb6 18. Rd8 Nfd7 19. Rd1 Kh7 20. Bh5 Rf6 21. b3 Bb4 22. Ne2 Bc5 23. Kf1 Ba3 24. Ng1 Rxf5 25. exf5 f6 26. f3 Nc5 27. Bg6+ Kg7 28. Ne2 Nd5 29. Bf2 b6 30. g4 Bxf5 31. Rxa8 Bxg6 32. c4 Bc2 33. cxd5 Bxd1 34. dxc6 Bxb3 35. c7 Be6 36. Bxc5 Bxc5 37. c8Q Bxc8 38. Rxc8 Be3 39. Nc3 Kg6 40. Rc6 Bf4 41. h3 h5 42. Rxb6 hxg4 43. hxg4 Bd2 44. Ne4 Be3 45. Rxf6+ Kg7 46. Rf5 Bf4 47. Nxg5 Kg6 48. Ne6 Bg3 49. Kg2 Be1 50. Rxe5 Bb4 51. Rb5 Bd2 52. f4 Kf6 53. f5 Be3 54. g5+ Kf7 55. g6+ Ke8 1-0

[Event "NCA-ch"]
[Site "Managua"]
[Date "2011.09.04"]
[Round "8"]
[White "Sanchez, Gabriel Ivan"]
[Black "Sanchez, Ramon"]
[Result "0-1"]
[WhiteElo "1784"]
[BlackElo "2036"]
[PlyCount "140"]
[EventDate "2011.08.20"]
[EventType "swiss"]
[EventRounds "9"]
[EventCountry "NCA"]
[SourceTitle "CBM 144 Extra"]
[Source "ChessBase"]
[SourceDate "2011.10.28"]
[SourceVersion "1"]
[SourceVersionDate "2011.10.28"]
[SourceQuality "1"]

1. e4 g6 2. d4 Bg7 3. Nc3 c6 4. Nf3 d5 5. Be3 dxe4 6. Nxe4 Nd7 7. Bc4 Ndf6 8. Nxf6+ Nxf6 9. Ne5 0-0 10. 0-0 Nd5 11. c3 Be6 12. Bd2 Qc7 13. Qe2 b5 14. Bd3 Rad8 15. Rae1 Bc8 16. f4 e6 17. g4 Ne7 18. Rf2 f6 19. Nf3 Rfe8 20. h3 a6 21. Bc2 Nd5 22. Nh4 Qf7 23. Bb3 Qe7 24. Nf3 Qd6 25. Nh4 e5 26. f5 g5 27. Ng2 Bd7 28. dxe5 Rxe5 29. Qd1 Rxe1+ 30. Qxe1 Be8 31. Re2 Bf7 32. Ne3 Nf4 33. Bxf7+ Kxf7 34. Rh2 Nd3 35. Qf1 Bf8 36. b4 Qe5 37. Qe2 Qg3+ 38. Qg2 Qxg2+ 39. Rxg2 Nf4 40. Rh2 Nxh3+ 41. Rxh3 Rxd2 42. Rxh7+ Bg7 43. Rh2 Rd3 44. Nc2 Rxc3 45. Rg2 Bf8 46. Kf1 Bd6 47. Re2 Rc4 48. Re6 Bxb4 49. Nxb4 Rxb4 50. Rxc6 Ra4 51. Rc7+ Ke8 52. Rc6 Ke7 53. Rc7+ Kd6 54. Rf7 Ke5 55. Re7+ Kf4 56. Re6 Kxg4 57. Rxf6 a5 58. Ke1 Re4+ 59. Kd1 Re5 60. Ra6 Kxf5 61. Rxa5 g4 62. Ra8 g3 63. Rg8 Kf4 64. Rf8+ Kg4 65. Rd8 g2 66. Rd4+ Kf3 67. Kc2 g1Q 68. Rd2 Qc5+ 69. Kb2 Qb4+ 70. Kc2 Rc5+ 0-1